000
00146 a2200085 4500
041
_a
spa
100
_a
Anonimo
245
_a
Sexo inseguro
942
_c
BK
999
_c
6087
_d
6087